000 00475nam a2200157 i 4500
001 77213
003 ES-MaACL
005 20230906173123.0
007 t|
008 041007s1969 sp ||||1| spa d
100 1 _aGutiérrez Lasanta, Francisco.
_961171
245 1 3 _aEl Evangelio por televisión /
_cFrancisco Gutiérrez Lasanta.
260 _a[Zaragoza :
_bTalls. Editoriales "EL Noticiero",
_c1969]
300 _a451 p. ;
_c22 cm.
852 _aES-MaACL
_jC-37130
_bR.69119
999 _c77213
_d77213